<?xml version="1.0" encoding="UTF-8"?>
<collection xmlns="http://www.loc.gov/MARC21/slim">
 <record>
  <leader>01208nam a2200217 a 4500</leader>
  <controlfield tag="001">1/53107</controlfield>
  <controlfield tag="008">210811s2004    gr a     b    100 | gre d</controlfield>
  <datafield tag="020" ind1=" " ind2=" ">
   <subfield code="a">960-87973-2-2</subfield>
  </datafield>
  <datafield tag="040" ind1=" " ind2=" ">
   <subfield code="a">GR-PeUP</subfield>
  </datafield>
  <datafield tag="082" ind1="0" ind2="0">
   <subfield code="a">389.6 ΠΑΝ</subfield>
  </datafield>
  <datafield tag="111" ind1="2" ind2=" ">
   <subfield code="a">Πανελλήνιο Συνέδριο για την Τυποποίηση, τα Πρότυπα και την Ποιότητα</subfield>
   <subfield code="n">(1ο :</subfield>
   <subfield code="d">2004 :</subfield>
   <subfield code="c">Θεσσαλονίκη)</subfield>
  </datafield>
  <datafield tag="245" ind1="1" ind2="0">
   <subfield code="a">1ο πανελλήνιο συνέδριο για την τυποποίηση, τα πρότυπα και την ποιότητα, 12-13 Νοεμβρίου 2004, Θεσσαλονίκη   :</subfield>
   <subfield code="b">πρακτικά.</subfield>
  </datafield>
  <datafield tag="260" ind1=" " ind2=" ">
   <subfield code="a">Θεσσαλονίκη :</subfield>
   <subfield code="b">Ένωση Ελλήνων Επιστημόνων για την Προτυποποίηση και την Τυποποίηση,</subfield>
   <subfield code="c">2004.</subfield>
  </datafield>
  <datafield tag="300" ind1=" " ind2=" ">
   <subfield code="a">462 σ. :</subfield>
   <subfield code="b">εικ. ;</subfield>
   <subfield code="c">24 εκ.</subfield>
  </datafield>
  <datafield tag="504" ind1=" " ind2=" ">
   <subfield code="a">Περιέχει βιβλιογραφία.</subfield>
  </datafield>
  <datafield tag="650" ind1=" " ind2="4">
   <subfield code="a">Διασφάλιση ποιότητας</subfield>
   <subfield code="x">Συνέδρια.</subfield>
  </datafield>
  <datafield tag="650" ind1=" " ind2="4">
   <subfield code="a">Τυποποίηση</subfield>
   <subfield code="x">Συνέδρια.</subfield>
  </datafield>
  <datafield tag="650" ind1=" " ind2="0">
   <subfield code="a">Quality control</subfield>
   <subfield code="x">Standards.</subfield>
  </datafield>
  <datafield tag="650" ind1=" " ind2="0">
   <subfield code="a">Standardization.</subfield>
  </datafield>
  <datafield tag="852" ind1=" " ind2=" ">
   <subfield code="a">INST</subfield>
   <subfield code="b">UNIPILB</subfield>
   <subfield code="c">MAIN</subfield>
   <subfield code="e">20210811</subfield>
   <subfield code="h">389.6 ΠΑΝ</subfield>
   <subfield code="p">00181942</subfield>
   <subfield code="q">00181942</subfield>
   <subfield code="t">LOAN</subfield>
   <subfield code="y">0</subfield>
   <subfield code="4">1</subfield>
  </datafield>
  <datafield tag="960" ind1=" " ind2=" ">
   <subfield code="a">ΜΑΡΙΑ ΒΕΛ</subfield>
  </datafield>
 </record>
</collection>
